|
|
|
|
| LEADER |
01331nam a2200325 u 4500 |
| 001 |
10016708 |
| 003 |
upatras |
| 005 |
20210117205016.0 |
| 008 |
881025s1996 us eng |
| 020 |
|
|
|a 0198549105
|
| 040 |
|
|
|a GR-PaULI
|c GR-PaULI
|
| 041 |
0 |
|
|a eng
|
| 082 |
0 |
4 |
|a 577.88
|
| 100 |
1 |
|
|a Sutherland, William J.
|9 13769
|
| 245 |
1 |
0 |
|a From individual behaviour to population ecology
|c William J. Sutherland
|
| 260 |
|
|
|a Oxford
|b Oxford University Press
|c 1996
|
| 300 |
|
|
|a x, 213 p.
|b fig., tab.
|c 24 cm.
|
| 490 |
0 |
|
|a Oxford series in ecology and evolution
|
| 505 |
1 |
|
|a Includes references and indexes
|
| 650 |
|
4 |
|a Βιολογία
|x Πληθυσμοί
|9 38627
|
| 650 |
|
4 |
|a Οικολογία
|x Συνοικολογία
|9 38626
|
| 650 |
|
4 |
|a Συμπεριφορά ζώων
|9 7765
|
| 760 |
1 |
|
|a Oxford series in ecology and evolution
|
| 852 |
|
|
|a GR-PaULI
|b ΠΑΤΡΑ
|t 1
|
| 852 |
|
|
|a GR-PaULI
|b ΠΑΤΡΑ
|b ΒΚΠ
|b ΒΣ1
|k ΑΣΧΞ
|h 577.88 SUT
|m 36634
|p 025000006775
|t 1
|
| 942 |
|
|
|2 ddc
|
| 952 |
|
|
|0 0
|1 0
|4 0
|7 0
|9 165851
|d 2016-04-24
|l 0
|r 2016-04-24 00:00:00
|t 1
|w 2016-04-24
|
| 952 |
|
|
|0 0
|1 0
|4 0
|6 577_880000000000000_SUT
|7 0
|9 165852
|a LISP
|b LISP
|c BSC
|d 2016-04-24
|i 36634
|l 0
|o 577.88 SUT
|p 025000006775
|r 2016-04-24 00:00:00
|t 1
|w 2016-04-24
|y BK15
|
| 998 |
|
|
|c ΟΡΦΑΝΟΥ-ΡΑΥΤΟΠΟΥΛΟΥ
|d 2010-06
|
| 999 |
|
|
|c 103907
|d 103907
|